Wrecking Ball - Mother Mother (all lyrics) - Statistics

General Stats
  • This quiz has been taken 32 times
  • The average score is 212 of 275
Answer Stats
Answer % Correct
I
100%
wreck
100%
a
95%
the
95%
am
90%
in
90%
In
90%
of
90%
Of
90%
ball
86%
be
86%
because
86%
Because
86%
can
86%
can)
86%
it
86%
It
86%
just
86%
(Just
86%
Just
86%
on
86%
wrecking
86%
and
81%
And
81%
break
81%
sand
81%
to
81%
To
81%
unruly
81%
hand
76%
my
76%
rock
76%
top
76%
we
76%
fist
71%
made
71%
out
71%
stands
71%
through
71%
wall
71%
got
67%
Let's
67%
me
67%
me,
67%
not
67%
plan
67%
put
67%
all
62%
baby
62%
You
62%
artistry
57%
band
57%
Call
57%
Deface
57%
dolls
57%
drummer
57%
see
57%
tearing
57%
wanna
57%
with
57%
apart
52%
big
52%
gotta
52%
heart
52%
make
52%
place
52%
porcelain
52%
dedicated
48%
hands
48%
I'm
48%
ol'
48%
pretty
48%
takes
48%
those
48%
against
43%
amidst
43%
battering
43%
Bu-
43%
da-
43%
da,
43%
da
43%
Da-
43%
give
43%
one
43%
plates
43%
ram
43%
throw
43%
but
38%
oh,
38%
oh
38%
reckless
38%
aim
33%
Ooh,
19%
ooh
19%
No matching quizzes found
Score Distribution
Percent of People with Each Score
Percentile by Number Answered
Your Score History
You have not taken this quiz